000 00548nam a2200193 4500
001 24985
005 20230410124046.0
008 060907n2004 dr spa
020 _a950808426X
035 _9funglode25174
041 _aES
050 1 4 _aLC 269 S211l 2004
100 _aSánchez Iniesta, Tomás
245 1 _aUn lugar para soñar :
_breflexiones para una escuela posible /
_cTomás Sánchez Iniesta
260 _aSanta Fe :
_bHomo Sapiens,
_c2004
300 _a157 p.
650 4 _aEducación
_vValores
942 _2lcc
_cbk
999 _c70171
_d70171